Normal view
MARC view
Entry Personal Name
001 - CONTROL NUMBER
- control field: 45357
003 - CONTROL NUMBER IDENTIFIER
- control field: OSt
005 - DATE AND TIME OF LATEST TRANSACTION
- control field: 20230707204958.0
008 - FIXED-LENGTH DATA ELEMENTS
- fixed length control field: 230707|| aca||aabn | a|a d
040 ## - CATALOGING SOURCE
- Original cataloging agency: OSt
- Transcribing agency: OSt
100 ## - HEADING--PERSONAL NAME
- Personal name: Fakhreddine O.Karry
670 ## - SOURCE DATA FOUND
- Source citation: Work cat.: (OSt)60075: Fakhreddine O.Karry, "Soft Computing and Intelligent Systems Design:Theory,Tools and Applications"
